| 000 | 02647cam a2200445 a 4500 | ||
|---|---|---|---|
| 001 | 17583129 | ||
| 003 | OSt | ||
| 005 | 20240530110424.0 | ||
| 008 | 130108s2012 ua ab b 001 0 eng d | ||
| 010 | _a 2012537016 | ||
| 020 | _a9789774164774 | ||
| 020 | _a9774164776 | ||
| 020 | _a9789774165696 (pbk.) | ||
| 035 | _a(OCoLC)ocn721887494 | ||
| 040 |
_aEG-CaGPL _cEG-CaGPL |
||
| 042 | _alccopycat | ||
| 043 | _af-ua--- | ||
| 082 | 0 | 4 |
_221 _a650.0932 _bCC/H D |
| 100 | 1 |
_aDonker van Heel, K. _q(Koenraad) |
|
| 245 | 1 | 0 |
_aDjekhy & son : _bdoing business in Ancient Egypt / _cKoenraad Donker van Heel. |
| 246 | 3 | _aDjekhy and son : doing business in Ancient Egypt | |
| 260 |
_aCairo, Egypt : _bAmerican University in Cairo Press _c2012. |
||
| 300 |
_axvii, 193 p. : _bill, maps ; _c24 cm. |
||
| 500 | _a"Dar el Kutub No. 24398/11."--Title page verso. | ||
| 504 | _aIncludes bibliographical references (p. 173-175) and index. | ||
| 520 | _a"Djekhy & Son, two businessmen living 2500 years ago in the densely populated neighborhoods built around the great temple of Amun at Karnak, worked as funerary service providers in the necropolis on the western bank of the Nile. They were also successful agricultural entrepreneurs, cultivating flax and grain. In 1885, the German Egyptologist August Eisenlohr acquired a unique collection of papyri that turned out to be Djekhy's archive of mainly legal documents. Using this rich trove of evidence, augmented by many other sources, the author has painted a vivid picture of life in ancient Egypt between 570 and 534 BCE, during the little-known Saite period. Approaching the subject from both business and personal aspects, he gives us a fresh look at some facets of ancient Egypt that have mostly been hidden from view-such as putting up one's children as security for a loan."--Publisher description. | ||
| 650 | 0 |
_aBusiness enterprises _zEgypt _xHistory _vSources. |
|
| 650 | 0 |
_aBusinessmen _zEgypt _xHistory _vSources. |
|
| 650 | 0 |
_aEgyptian language _vPapyri. |
|
| 650 | 0 | 7 |
_aMarkt. _b(DE-588)4037621-7 _2gnd |
| 650 | 0 | 7 |
_aVertrag. _b(DE-588)4063270-2 _2gnd |
| 650 | 0 | 7 |
_aWirtschaft. _b(DE-588)4066399-1 _2gnd |
| 651 | 0 |
_aEgypt _xCivilization _vSources. |
|
| 651 | 0 |
_aEgypt _xAntiquities. |
|
| 651 | 7 |
_3(DE-588)4068430-1 _aÄgypten (Altertum) _2gnd |
|
| 856 | 4 | 2 |
_3Contributor biographical information _uhttp://www.loc.gov/catdir/enhancements/fy1318/2012537016-b.html |
| 856 | 4 | 2 |
_3Publisher description _uhttp://www.loc.gov/catdir/enhancements/fy1318/2012537016-d.html |
| 856 | 4 | 1 |
_3Table of contents only _uhttp://www.loc.gov/catdir/enhancements/fy1403/2012537016-t.html |
| 942 |
_2ddc _cBK |
||
| 999 |
_c60723 _d60723 |
||